000 02309nam a22003854a 4500
001 ebr10240614
003 CaPaEBR
006 m u
007 cr cn|||||||||
008 080117s2008 enk sb 101 0 eng
010 _z 2008002421
020 _z9780754673347 (alk. paper)
040 _aCaPaEBR
_cCaPaEBR
035 _a(OCoLC)503050610
043 _ae-uk---
050 1 4 _aKD7963
_b.C75 2008eb
082 0 4 _a345.42/02525
_222
245 0 0 _aCriminal liability for non-aggressive death
_h[electronic resource] /
_cby Chris Clarkson and Sally Cunningham, [editors].
260 _aAldershot, Hants, England ;
_aBurlington, VT, USA :
_bAshgate,
_cc2008.
300 _axi, 256 p.
500 _aMost of the papers were presented at a conference on criminal liability for non-aggressive death, Leicester, England, April 2007.
504 _aIncludes bibliographical references and index.
505 0 _aHomicide reform and the changing character of legal thought / Jeremy Horder -- The limits of manslaughter / Victor Tadros -- Whose luck is it anyway? / R.A. Duff -- Corporate manslaughter : need for a special offence? / C.M.V. Clarkson -- Vehicular homocide : need for a special offence? / Sally Cunningham -- Mum's not the word : an analysis of Section 5, Domestic Violence, Crime and Victims Act 2004 / Jonathan Herring -- Medical killing : need for a specific offence? / Oliver Quick -- Dealing with drug induced homicide / William Wilson -- Manslaughter versus special homicide offences : an Australian perspective / Stanley Yeo -- 'Manslaughter' : generic or nominate offences? / Andrew Ashworth.
533 _aElectronic reproduction.
_bPalo Alto, Calif. :
_cebrary,
_d2013.
_nAvailable via World Wide Web.
_nAccess may be limited to ebrary affiliated libraries.
650 0 _aManslaughter
_zGreat Britain.
650 0 _aCriminal liability
_zGreat Britain.
650 0 _aHomicide
_zGreat Britain.
650 0 _aNegligence, Criminal
_zGreat Britain.
653 _aCorporate manslaughter
655 7 _aElectronic books.
_2local
700 1 _aClarkson, C. M. V.
_q(Christopher M. V.)
700 1 _aCunningham, Sally.
710 2 _aebrary, Inc.
856 4 0 _uhttp://site.ebrary.com/lib/rucke/Doc?id=10240614
_zAn electronic book accessible through the World Wide Web; click to view
999 _c36564
_d36564